|
|
|
|
| LEADER |
00000nam a2200000 a 4500 |
| 001 |
vtls011865279 |
| 003 |
SK-MaSNL |
| 005 |
20260426003510.0 |
| 008 |
250312s1949 xr 000 0 cze |
| 035 |
|
|
|a urn:nbn:sk:snk-am00dd6s
|
| 035 |
|
|
|a urn:nbn:sk:snk-am3hy6g
|
| 035 |
|
|
|a F0E74BD7-10AD-4A06-A057-F7EC08CE4427
|
| 040 |
|
|
|a SNK
|b slo
|c SNK
|e AACR2
|
| 041 |
0 |
|
|a cze
|
| 043 |
|
|
|a e-xo---
|
| 044 |
|
|
|a xr
|c CZ
|
| 072 |
|
7 |
|a 33
|x Ekonómia
|2 konspekt
|
| 080 |
|
|
|a 330.341.424
|2 2011
|
| 080 |
|
|
|a (437.6)
|2 2011
|
| 100 |
1 |
|
|a Široký, Viliam,
|d 1902-1971
|4 aut
|9 113477
|
| 245 |
1 |
0 |
|a Industrialisace Slovenska - pevný základ věčného bratrství českého a slovenského národa
|b referát na IX. řádném sjezdu Komunistické strany Československa v Praze 27. května 1949
|c Viliam Široký
|
| 260 |
|
|
|a Praha
|b Ústřední výbor KSČ
|c 1949
|e Praha
|f Svoboda
|
| 300 |
|
|
|a 22, [2] s.
|c 8°
|
| 650 |
0 |
7 |
|a industrializácia
|2 SNKPH
|9 2289
|
| 651 |
|
7 |
|a Slovensko
|2 SNKPHgeo
|9 14231
|
| 655 |
|
7 |
|a referáty
|2 SNKPH
|9 70611
|
| 710 |
2 |
|
|a Komunistická strana Československa.
|b Ústredný výbor
|4 pbl
|9 179975
|
| 852 |
|
|
|a Slovenská národná knižnica
|
| 958 |
|
|
|a OND
|
| 999 |
|
|
|c 946787
|d 948717
|
| 952 |
|
|
|a SNK
|b SNK
|y VYP
|7 0
|p 17A0629821
|o snkSD 6758 D1
|i snkKSF 2731/57
|8 5
|3 rekatalogizácia
|0 0
|1 0
|4 0
|d 2009-10-27
|l 0
|r 2026-02-24 09:36:39
|w 2026-02-24
|
| 952 |
|
|
|a SNK
|b SNK
|y VYP
|7 0
|p 17A0629827
|o snkSD 6758 D2
|i snkF 6282/63
|8 5
|3 rekatalogizácia
|0 0
|1 0
|4 0
|d 2009-10-27
|l 0
|r 2026-02-24 09:36:39
|w 2026-02-24
|
| 952 |
|
|
|a SNK
|b SNK
|y PREZ
|7 0
|p 17A0909251
|o snkSD 6758
|i snk4150/50
|0 0
|1 0
|4 0
|d 2019-05-10
|f 1
|l 0
|r 2025-11-14 00:00:00
|w 2026-02-24
|